Manly Songs - Statistics

General Stats
  • This quiz has been taken 68 times
    34 since last reset
  • The average score is 7 of 17
Answer Stats
Artist Song Title % Correct
Tammy Wynette {Stand} by your Man
86%
REM Man on the {Moon}
79%
Billy Joel {Piano} Man
79%
Byrds / Bob Dylan Mr. {Tambourine} Man
76%
Carpenters Please Mr. {Postman}
76%
The Killers Mr. {Brightside}
69%
Counting Crows Mr. {Jones}
48%
Styx Mr. {Roboto}
45%
The Chordettes Mr. {Sandman}
28%
Christina Aguilara {Candy} Man
24%
Culture Beat Mr. {Vain}
24%
Rainbow Man on the {Silver} {Mountain}
10%
The Nitty Gritty Dirt Band Mr. {Bojangles}
10%
Cockney Rebel Mr. {Soft}
10%
Slade {Bangin'} Man
7%
The Shadows Man of {Mystery}
7%
Meri Wilson {Telephone} Man
3%
No matching quizzes found
Score Distribution
Percent of People with Each Score
Percentile by Number Answered
Your Score History
You have not taken this quiz since the last reset